00581nam a22001817a 450000500170000001000150001702000260003203500130005803700130007108200080008424501420009226000330023427000470026730000230031470000180033770000220035570000220037720140116110819.0 aENG-109103 a9788174469557c250.00 aEN-92636 bDBAD/PUB a658 aCase studies in management :cby N. K. Kapoor , Jitendra Patolia [and] Brijesh Rupaparabfirst generation entrepreneurial organisations / aNew DelhibExcel Booksc2011 aA- 45, Naraina, Phase 1bNew Delhie110028 ax,150p.c24cm(pbk) aKapoor, N. K. aPatolia, Jitendra aRupapara, Brijesh